| 000 | 00333nam a2200097Ia 4500 | ||
|---|---|---|---|
| 008 | 241105s9999 xx 000 0 und d | ||
| 041 | _aeng | ||
| 100 |
_aDeshmukh Vaishnavi _9184213 |
||
| 245 | _aLandscape Policies And Design Approch For Chatri Lake At Amaravati, Maharashtra, India | ||
| 260 |
_bBNCA M Arch Landscape Architecture _c2022 |
||
| 999 |
_c362056 _d362056 |
||